[Event "IV Campeonato de España de Seecciones"]
[Site "?"]
[Date "2009.05.01"]
[Round "3.1"]
[White "LLaneza Vega, Marcos"]
[Black "Moreno Ruiz, Javier"]
[Result "1/2-1/2"]
[WhiteElo "2522"]
[BlackElo "2441"]
[PlyCount "126"]
[EventDate "2009.??.??"]

1. e4 c5 2. Nf3 g6 3. d4 cxd4 4. Nxd4 Nc6 5. c4 Nf6 6. Nc3 d6 7. Be2 Nxd4 8.
Qxd4 Bg7 9. Be3 O-O 10. Qd2 a5 11. O-O a4 12. Bd4 Be6 13. f3 Qa5 14. Rfd1 Rfc8
15. Nd5 Qxd2 16. Rxd2 Nxd5 17. Bxg7 Nf4 18. Bh6 Nxe2+ 19. Rxe2 Bxc4 20. Rd2 f6
21. Bf4 Rc6 22. a3 Rac8 23. Rc1 Bb3 24. Rxc6 bxc6 25. Be3 Kf7 26. Kf2 c5 27.
Ke2 Rc6 28. Kf2 f5 29. Bf4 fxe4 30. fxe4 Ke6 31. Bh6 Rb6 32. Ke3 Bc4 33. Bg7
Rb8 34. Bc3 g5 35. Rf2 Rg8 36. h3 Rg6 37. Rf8 g4 38. h4 g3 39. Rf5 d5 40. Re5+
Kd6 41. exd5 Bxd5 42. Rg5 Rxg5 43. hxg5 e5 44. Be1 Ke6 45. Bxg3 Bxg2 46. Be1
Kf5 47. Bc3 Bc6 48. Kf2 Ke4 49. Ba5 Kd3 50. Bb6 c4 51. Ba5 e4 52. Bc3 e3+ 53.
Ke1 Bf3 54. Bf6 Ke4 55. Be7 Kf5 56. Bd8 Ke6 57. Bb6 e2 58. Bd8 Kd5 59. Bf6 Ke6
60. Bd8 c3 61. bxc3 Kd5 62. Be7 Kc4 63. Kd2 Bh5 1/2-1/2

[Event "IV Campeonato de España de Selecciones"]
[Site "?"]
[Date "2009.05.01"]
[Round "3.3"]
[White "Aguera Naredo, Javier"]
[Black "Gallardo Garcia, Andrez"]
[Result "1/2-1/2"]
[WhiteElo "2380"]
[BlackElo "2407"]
[PlyCount "36"]
[EventDate "2009.??.??"]

1. e4 c6 2. d4 d5 3. Nd2 dxe4 4. Nxe4 Bf5 5. Ng3 Bg6 6. h4 h6 7. Nf3 Nd7 8. h5
Bh7 9. Bd3 Bxd3 10. Qxd3 e6 11. Bf4 Qa5+ 12. Bd2 Bb4 13. Ne4 Ngf6 14. Nd6+ Ke7
15. Nc4 Bxd2+ 16. Nfxd2 Qc7 17. O-O-O Rad8 18. Nf3 c5 1/2-1/2

[Event "IV Campeonato de España d Selecciones"]
[Site "?"]
[Date "2009.05.01"]
[Round "3.4"]
[White "Valles Moreno, Ivan"]
[Black "Andrez Gonzalez, Ivan"]
[Result "0-1"]
[WhiteElo "2405"]
[BlackElo "2364"]
[PlyCount "78"]
[EventDate "2009.??.??"]

1. d4 Nf6 2. c4 g6 3. Nc3 Bg7 4. e4 d6 5. f3 O-O 6. Nge2 c5 7. d5 e6 8. Bg5
exd5 9. cxd5 a6 10. a4 Nbd7 11. Nc1 Re8 12. Be2 h6 13. Be3 Nh7 14. Nd3 Ne5 15.
Nf2 h5 16. O-O f5 17. Qd2 Bd7 18. exf5 Bxf5 19. Nce4 Nf7 20. Ra3 Nf6 21. Ng3
Bd7 22. Rd1 b5 23. b4 cxb4 24. Qxb4 a5 25. Qd2 b4 26. Raa1 Nxd5 27. Bd4 Nc3 28.
Bxg7 Kxg7 29. Nge4 Nxd1 30. Rxd1 Bxa4 31. Qb2+ Kf8 32. Rxd6 Nxd6 33. Qh8+ Kf7
34. Qh7+ Ke6 35. Nc5+ Kd5 36. Nfd3 Rxe2 37. Qxg6 Qe8 38. Qg5+ Kc6 39. Nxa4 Qe3+
0-1

[Event "IV Campeonato de España de Selecciones"]
[Site "?"]
[Date "2009.05.01"]
[Round "3.5"]
[White "Santos Latasa, Jaime"]
[Black "Arribas Lopez, Angel"]
[Result "0-1"]
[WhiteElo "2155"]
[BlackElo "2379"]
[PlyCount "60"]
[EventDate "2009.??.??"]

1. d4 Nf6 2. c4 g6 3. Nc3 Bg7 4. e4 d6 5. f4 Na6 6. Nf3 O-O 7. Be2 e5 8. fxe5
dxe5 9. d5 Nc5 10. Bd3 a5 11. O-O Nh5 12. Bc2 Bd7 13. Be3 Qe7 14. g3 f5 15.
exf5 gxf5 16. Bg5 Qe8 17. Be3 b6 18. Re1 e4 19. Bd4 Qe7 20. Qd2 Rae8 21. Rad1
Rf7 22. Bxg7 Rxg7 23. Nd4 Qe5 24. Rf1 f4 25. Kh1 Nxg3+ 26. hxg3 Qh5+ 27. Kg1
fxg3 28. Rfe1 Qh2+ 29. Kf1 Qh1+ 30. Ke2 Bg4+ 0-1

[Event "IV Cmpeonato deEspaña de Selecciones"]
[Site "?"]
[Date "2009.05.01"]
[Round "3.6"]
[White "Pascul Palomo, Lucia"]
[Black "Fidalgo Fernandez, Lucia"]
[Result "0-1"]
[WhiteElo "2162"]
[BlackElo "2102"]
[PlyCount "116"]
[EventDate "2009.??.??"]

1. e4 c5 2. Nf3 d6 3. d4 cxd4 4. Nxd4 Nf6 5. Nc3 a6 6. Be2 e6 7. O-O Be7 8. Be3
O-O 9. a4 Nc6 10. f4 Qc7 11. Nb3 b6 12. Bf3 Rb8 13. Qe2 Na5 14. Nd2 Nd7 15. g4
Bf6 16. Ra3 Be7 17. Kh1 Bb7 18. Bg2 e5 19. f5 Rfc8 20. g5 f6 21. g6 h6 22. Qg4
Bf8 23. Rf3 d5 24. Nxd5 Bxd5 25. exd5 Qxc2 26. Ra1 Nc4 27. Nxc4 Rxc4 28. Qg3
Qxb2 29. Rff1 Bd6 30. Rfb1 Qc3 31. Qf2 Qc2 32. Qf1 Rxa4 33. Rxa4 Qxa4 34. Qc1
Nc5 35. Bxc5 Rc8 36. Rxb6 Rxc5 37. Qb1 Rb5 38. Rxb5 Qxb5 39. Qc1 Qb7 40. h3 a5
41. Qc2 a4 42. Be4 a3 43. Qa4 Kf8 44. Qc4 Ke7 45. Bc2 Qc7 46. Qb3 Qa7 47. Bb1
Qb8 48. Qxb8 Bxb8 49. Kg2 Kd6 50. Ba2 e4 51. Kf2 Ke5 52. h4 Kxf5 53. Ke3 Ba7+
54. Kd2 Ke5 55. h5 f5 56. Bb3 Bc5 57. Ba2 f4 58. Ke2 f3+ 0-1

[Event "IV Campeonato de España de Selecciones"]
[Site "?"]
[Date "2009.05.01"]
[Round "3.3"]
[White "Suarez Pousa, Diego"]
[Black "Garza Marco, Sergio"]
[Result "0-1"]
[WhiteElo "2431"]
[BlackElo "2417"]
[PlyCount "88"]
[EventDate "2009.??.??"]

1. e4 c5 2. Nc3 d6 3. Nf3 Nf6 4. d4 cxd4 5. Nxd4 g6 6. Be3 Bg7 7. f3 O-O 8. Bc4
Nc6 9. Qd2 Bd7 10. Bb3 Nxd4 11. Bxd4 b5 12. O-O a5 13. a3 Rb8 14. Rfd1 Bc6 15.
Ne2 Qc7 16. Kh1 Ra8 17. Rac1 Rfb8 18. Qg5 Qb7 19. Nc3 b4 20. axb4 axb4 21. Nd5
Bxd5 22. Bxd5 Nxd5 23. exd5 Ra5 24. Bxg7 Kxg7 25. Rd4 e5 26. Rh4 f6 27. Qh6+
Kg8 28. Rd1 Rba8 29. h3 Ra1 30. Rxa1 Rxa1+ 31. Kh2 Rd1 32. Qe3 f5 33. Rc4 f4
34. Qe2 Rxd5 35. c3 bxc3 36. bxc3 Ra5 37. Rb4 Qd5 38. c4 Qd4 39. Rb8+ Kf7 40.
Rb7+ Ke6 41. Rxh7 Ra1 42. h4 Qg1+ 43. Kh3 Qh1+ 44. Kg4 Rf1 0-1

[Event "IV Campeonato de España de Selecciones"]
[Site "?"]
[Date "2009.05.01"]
[Round "3.4"]
[White "Antoli Royo, Joaquin Miguel"]
[Black "Paramos Dominguez, Roberto"]
[Result "0-1"]
[WhiteElo "2416"]
[BlackElo "2429"]
[PlyCount "72"]
[EventDate "2009.??.??"]

1. e4 c5 2. Nf3 d6 3. d4 cxd4 4. Qxd4 a6 5. c4 Nc6 6. Qd2 g6 7. Nc3 Bg7 8. b3
Bg4 9. Be2 Nf6 10. Bb2 O-O 11. O-O Qa5 12. h3 Nxe4 13. Nxe4 Qxd2 14. Nexd2 Bxf3
15. Bxg7 Bxe2 16. Bxf8 Bxf1 17. Bxe7 Bxg2 18. Kxg2 Nxe7 19. Ne4 d5 20. cxd5
Nxd5 21. Rd1 Re8 22. Rd4 Re5 23. Nd6 b6 24. Nc8 Kg7 25. f4 Rf5 26. Kf3 Rh5 27.
Kg3 b5 28. Nd6 Nc3 29. Ne8+ Kf8 30. Rd8 Ke7 31. Ra8 Rc5 32. b4 Rc6 33. f5 Nxa2
34. Kf4 Nxb4 35. Kg5 gxf5 36. Nf6 h6+ 0-1

[Event "IV Campeonato de España de Selecciones"]
[Site "?"]
[Date "2009.05.01"]
[Round "3.5"]
[White "Rodriguez Lopez, Rafael"]
[Black "Moreno Gracia, Daniel"]
[Result "1/2-1/2"]
[WhiteElo "2299"]
[BlackElo "2297"]
[PlyCount "70"]
[EventDate "2009.??.??"]

1. e4 c5 2. Nf3 e6 3. d4 cxd4 4. Nxd4 Nc6 5. Nc3 Qc7 6. Be3 a6 7. Qd2 Nf6 8. f4
Bb4 9. Bd3 Na5 10. Nde2 Nc4 11. Bxc4 Qxc4 12. e5 Ne4 13. Qd3 Qxd3 14. cxd3 Nxc3
15. bxc3 Be7 16. O-O d6 17. Ng3 Bd7 18. Ne4 d5 19. Nc5 Rc8 20. Nxd7 Kxd7 21.
Rfb1 Rxc3 22. Rxb7+ Rc7 23. Rab1 Rhc8 24. Bd4 Rxb7 25. Rxb7+ Rc7 26. Rb6 Rc6
27. Rb7+ Rc7 28. Rb6 Rc1+ 29. Kf2 Rc2+ 30. Kf3 Rxa2 31. Rb7+ Ke8 32. Rb8+ Kd7
33. Rb7+ Ke8 34. Rb8+ Kd7 35. Rb7+ Ke8 1/2-1/2

[Event "IV Campeonato de España de Selecciones"]
[Site "?"]
[Date "2009.05.01"]
[Round "3.6"]
[White "Garcia Vicente, Nieves"]
[Black "Redondo Arguelles, Graciela"]
[Result "1-0"]
[WhiteElo "2219"]
[BlackElo "2108"]
[PlyCount "85"]
[EventDate "2009.??.??"]

1. d4 d6 2. Nf3 Nd7 3. c4 e5 4. Nc3 Ngf6 5. e4 c6 6. Be2 Be7 7. O-O O-O 8. Re1
a6 9. Bf1 Qc7 10. d5 cxd5 11. Nxd5 Nxd5 12. cxd5 f5 13. exf5 Nf6 14. Nh4 b5 15.
g3 Ne8 16. Qh5 Bxh4 17. Qxh4 Bxf5 18. Be3 Nf6 19. Bg2 Qf7 20. Qb4 Rfd8 21. Bg5
Rd7 22. Rac1 Rf8 23. Qd2 h6 24. Bxf6 Qxf6 25. Rc6 Ra8 26. Rec1 e4 27. Re1 Re7
28. Qb4 Rf8 29. Rxd6 Qe5 30. f4 a5 31. fxe5 axb4 32. e6 Ra8 33. Bxe4 Bg4 34.
Kg2 g5 35. h3 Bh5 36. Bb1 Rf8 37. g4 Be8 38. Rc1 h5 39. Rd8 hxg4 40. hxg4 Kg7
41. Rcc8 Kf6 42. Bf5 Ke5 43. Kg3 1-0

[Event "IV Campeonato de España de Selecciones"]
[Site "?"]
[Date "2009.05.01"]
[Round "3.5"]
[White "Diaz Herrero, Alvaro"]
[Black "Picazo Lopez, Juan Antonio"]
[Result "1-0"]
[WhiteElo "2121"]
[BlackElo "2232"]
[PlyCount "97"]
[EventDate "2009.??.??"]

1. e4 d5 2. exd5 Nf6 3. Nf3 Nxd5 4. d4 g6 5. Be2 Bg7 6. c4 Nb6 7. Be3 O-O 8.
Nc3 Nc6 9. h3 e5 10. d5 Ne7 11. a4 Nf5 12. Bc5 Re8 13. O-O Nd7 14. Be3 Nxe3 15.
fxe3 e4 16. Nd4 a5 17. Ndb5 Nc5 18. d6 c6 19. Nc7 Qg5 20. Qe1 Qxe3+ 21. Qf2
Qxf2+ 22. Kxf2 Bd4+ 23. Ke1 Bd7 24. Nxa8 Rxa8 25. g4 Re8 26. h4 Be5 27. Rg1
Bxd6 28. g5 Be6 29. Rd1 Bf4 30. Bf1 Nd3+ 31. Bxd3 exd3 32. Kf2 Bxc4 33. Rge1
Rd8 34. Re4 Bb3 35. Rxf4 Bxd1 36. Nxd1 b5 37. Ke3 Kg7 38. Rd4 Re8+ 39. Kxd3 h6
40. Nc3 hxg5 41. hxg5 Re5 42. axb5 cxb5 43. Rd5 Re8 44. Rxb5 Ra8 45. b4 f5 46.
Rb7+ Kf8 47. Kd4 Ra6 48. Ke5 Rc6 49. Nd5 1-0

[Event "IV Campeonato de España de Selecciones"]
[Site "?"]
[Date "2009.05.01"]
[Round "3.4"]
[White "Serna Lara, Sergio"]
[Black "Alonso Arburu, Juan Ignacio"]
[Result "0-1"]
[WhiteElo "2276"]
[BlackElo "2348"]
[PlyCount "140"]
[EventDate "2009.??.??"]

1. Nf3 b6 2. g3 Bb7 3. Bg2 e6 4. c4 c5 5. Nc3 Nf6 6. O-O Be7 7. Re1 O-O 8. e4
d6 9. d4 cxd4 10. Nxd4 Qc8 11. b3 Rd8 12. Bb2 a6 13. Rc1 Nbd7 14. h3 Qc7 15.
Kh2 Rac8 16. Qd2 Qb8 17. Qe2 Bf8 18. Nf3 Nc5 19. Nd2 Qa8 20. b4 Ncd7 21. a3 h6
22. f4 Qb8 23. Rcd1 Bc6 24. Bf1 e5 25. f5 Re8 26. Rc1 Qa8 27. Nb3 b5 28. cxb5
axb5 29. Na5 Nb6 30. Nxc6 Rxc6 31. Nxb5 Rxc1 32. Bxc1 Rc8 33. Bg2 Qa4 34. Qd3
Nc4 35. Nc3 Qb3 36. Rd1 Nxa3 37. Ne2 Qxd3 38. Rxd3 Nb5 39. Bd2 Rc2 40. Kg1 Be7
41. Kf1 d5 42. Ke1 dxe4 43. Rb3 Nd4 44. Rc3 Bxb4 45. Rxc2 Nxc2+ 46. Kd1 Bxd2
47. Kxc2 Be1 48. g4 Kf8 49. Kd1 Ba5 50. Ng3 e3 51. Ke2 Bb6 52. Kd3 Ke7 53. Bf3
Bd4 54. h4 Nd7 55. Ne4 Nb6 56. Bd1 Nd5 57. Ng3 Nf4+ 58. Ke4 Ng2 59. Ne2 Nxh4
60. Nxd4 exd4 61. Kxd4 Kf6 62. Kxe3 Kg5 63. Be2 h5 64. gxh5 Nxf5+ 65. Kf2 Nd4
66. Bc4 f5 67. Ke3 Nc6 68. Bf7 Ne5 69. Be8 Ng4+ 70. Kd4 Nf6 0-1

[Event "IV Campeonato de España de Selecciones"]
[Site "?"]
[Date "2009.05.01"]
[Round "3.6"]
[White "Martinez Gonzalez, M.Asuncion"]
[Black "Munoz Perez, Miriam"]
[Result "1/2-1/2"]
[WhiteElo "1944"]
[BlackElo "2065"]
[PlyCount "106"]
[EventDate "2009.??.??"]

1. d4 Nf6 2. c4 g6 3. Nc3 Bg7 4. Nf3 O-O 5. Bg5 h6 6. Bh4 d6 7. e3 Nbd7 8. Be2
c6 9. O-O g5 10. Bg3 Nh5 11. Nd2 Nxg3 12. hxg3 e5 13. d5 f5 14. g4 fxg4 15.
dxc6 bxc6 16. Nde4 Nf6 17. Nxd6 Be6 18. Nde4 Qxd1 19. Raxd1 Nxe4 20. Nxe4 Rad8
21. b3 Kf7 22. Nd6+ Ke7 23. Nb7 Rxd1 24. Rxd1 Bc8 25. Nd6 Be6 26. c5 Rb8 27.
Bd3 Bf8 28. Bf5 Bxf5 29. Nxf5+ Ke8 30. Nd6+ Ke7 31. Kh2 Ke6 32. Kg3 Rb4 33. e4
Rd4 34. Rh1 Rd2 35. f3 gxf3 36. gxf3 Kf6 37. Nf5 Kg6 38. Rh2 Rxh2 39. Kxh2 Bxc5
40. Ng3 h5 41. Nf1 Bd4 42. Kg3 Kf6 43. Kh3 Bf2 44. Nd2 Ke6 45. Nc4 Bd4 46. Kg3
Bc3 47. Kh3 Be1 48. Kg2 g4 49. fxg4 hxg4 50. Ne3 g3 51. Nc4 Bf2 52. Kf3 Be1 53.
Kg2 Bf2 1/2-1/2

[Event "IV Campeonato de España de Selecciones"]
[Site "?"]
[Date "2009.05.01"]
[Round "3.1"]
[White "Fernandez Molina, Victor"]
[Black "Lorente Penalba, Diego"]
[Result "0-1"]
[WhiteElo "1906"]
[BlackElo "2129"]
[PlyCount "81"]
[EventDate "2009.05.02"]

1. Nf3 d5 2. d4 Nf6 3. e3 e6 4. Nbd2 Be7 5. Bd3 Nbd7 6. O-O O-O 7. b3 b6 8. Bb2
Bb7 9. Rc1 Ne4 10. Ne5 Nxe5 11. dxe5 Nc5 12. Nf3 Nxd3 13. cxd3 c5 14. Qd2 Rc8
15. Rfd1 b5 16. h3 Qb6 17. Rc2 Rfd8 18. Rdc1 a5 19. Ne1 c4 20. bxc4 dxc4 21.
Qe2 cxd3 22. Nxd3 Rxc2 23. Qxc2 Be4 24. Bd4 Qb7 25. f3 Bxd3 26. Qxd3 Qd5 27.
Rc2 Qxe5 28. Qxh7+ Kxh7 29. Bxe5 Rd5 30. Bg3 Bf6 31. Kf2 b4 32. e4 Rb5 33. f4
Bc3 34. Ke2 a4 35. Kd3 Rb7 36. Bf2 Rd7+ 37. Kc4 Rd1 38. Bc5 Rb1 39. a3 b3 40.
Kxc3 bxc2 41. Kxc2 0-1

[Event "IV Campeonato de España de Selecciones"]
[Site "?"]
[Date "2009.05.01"]
[Round "3.2"]
[White "Saenz Narciso, Miguel Angel"]
[Black "Diaz Sanchez, Jose Francisco"]
[Result "1-0"]
[WhiteElo "2093"]
[BlackElo "1952"]
[PlyCount "67"]
[EventDate "2009.05.02"]

1. e4 c5 2. Nf3 e6 3. d4 cxd4 4. Nxd4 Nf6 5. Nc3 Nc6 6. Nxc6 bxc6 7. e5 Nd5 8.
Ne4 f5 9. exf6 Nxf6 10. Nd6+ Bxd6 11. Qxd6 Qb6 12. Bd3 c5 13. Bf4 Bb7 14. O-O
Rc8 15. a4 Qxd6 16. Bxd6 Rc6 17. Be5 c4 18. Be2 O-O 19. Bf3 d5 20. Rfe1 Bc8 21.
Bd4 Rf7 22. Ra3 Rb7 23. Rae3 Rb4 24. a5 Ra4 25. Bc3 Bd7 26. Rd1 Kf7 27. g4 h6
28. h4 Nh7 29. g5 hxg5 30. Bh5+ Kg8 31. hxg5 Rc8 32. Bg6 Nxg5 33. Rg3 Ne4 34.
Bxe4 1-0

[Event "IV Campeonato de España de Selecciones"]
[Site "?"]
[Date "2009.05.01"]
[Round "3.3"]
[White "Javaloy Guerrero, Manuel A"]
[Black "Moya Mallafre, Erik"]
[Result "0-1"]
[WhiteElo "1825"]
[BlackElo "2041"]
[PlyCount "130"]
[EventDate "2009.05.02"]

1. e4 c6 2. d4 d5 3. Nc3 dxe4 4. Nxe4 Bf5 5. Ng3 Bg6 6. Nf3 Nd7 7. h4 h6 8. h5
Bh7 9. Bd3 Bxd3 10. Qxd3 e6 11. Bf4 Qa5+ 12. Bd2 Qc7 13. O-O-O Ngf6 14. Ne4
O-O-O 15. g3 Nxe4 16. Qxe4 Nf6 17. Qe2 Bd6 18. Kb1 Kb8 19. c4 c5 20. Bc3 Rd7
21. Ne5 Re7 22. Rhe1 Rc8 23. f4 Ka8 24. g4 cxd4 25. Bxd4 Nd7 26. Nxd7 Rxd7 27.
Bxg7 Bxf4 28. Rxd7 Qxd7 29. Bc3 Rd8 30. Bf6 Qd3+ 31. Qxd3 Rxd3 32. g5 Bxg5 33.
Bxg5 hxg5 34. Rf1 Rd7 35. Rf6 Rd1+ 36. Kc2 Rh1 37. Rxf7 a6 38. Rf6 Rxh5 39.
Rxe6 Rh4 40. Kc3 Rf4 41. Rg6 g4 42. b4 Kb8 43. a4 Kc7 44. Rg7+ Kc6 45. Rg6+ Kd7
46. Rg7+ Kc6 47. Rg6+ Kc7 48. c5 a5 49. b5 Rxa4 50. b6+ Kd7 51. Rg7+ Kc6 52.
Rc7+ Kd5 53. Rxb7 Kxc5 54. Rb8 Kc6 55. b7 Kc7 56. Ra8 Kxb7 57. Rg8 Rf4 58. Rg7+
Kc6 59. Rg6+ Kd5 60. Rg5+ Ke4 61. Rxa5 Kf3 62. Kd2 Kf2 63. Kd1 g3 64. Ra2+ Kf1
65. Ra1 g2 0-1

[Event "IV Campeonato de España de Selecciones"]
[Site "?"]
[Date "2009.05.01"]
[Round "3.4"]
[White "Gonzalez Martinez, Miguel Angel"]
[Black "Garcia Avila, Jose Francisco"]
[Result "1-0"]
[WhiteElo "1971"]
[BlackElo "1850"]
[PlyCount "39"]
[EventDate "2009.05.02"]

1. d4 d5 2. Nf3 Nf6 3. e3 Bg4 4. c4 e6 5. cxd5 exd5 6. Qb3 b6 7. Ne5 Be6 8.
Bb5+ Nbd7 9. Nxd7 Nxd7 10. Bc6 Rc8 11. Nc3 Qg5 12. O-O Bd6 13. e4 Qh5 14. e5
Be7 15. f4 f5 16. Nxd5 Qh6 17. Nf6+ gxf6 18. Qxe6 Rd8 19. d5 Qf8 20. d6 1-0

[Event "IV Campeonato de España de Selecciones"]
[Site "?"]
[Date "2009.05.01"]
[Round "3.5"]
[White "Alsina Lopez, Adolfo"]
[Black "Ruiz De La Torre Perez, Cristin"]
[Result "0-1"]
[WhiteElo "1658"]
[BlackElo "1919"]
[PlyCount "50"]
[EventDate "2009.05.02"]

1. d4 d5 2. c4 e6 3. Nf3 Nf6 4. Bg5 Be7 5. e3 O-O 6. Bd3 h6 7. Bh4 b6 8. O-O
dxc4 9. Bxc4 Bb7 10. Nbd2 Nbd7 11. Rc1 Rc8 12. a3 c5 13. Be2 Re8 14. Nc4 b5 15.
Nce5 Qb6 16. dxc5 Nxc5 17. b4 Nce4 18. Nd4 Nc3 19. Qd2 Nfe4 20. Qb2 Nxe2+ 21.
Qxe2 Bxh4 22. Qh5 Bxf2+ 23. Rxf2 Rxc1+ 24. Rf1 Rxf1+ 25. Kxf1 Qc7 0-1

[Event "IV Campeonato de España de Selecciones"]
[Site "?"]
[Date "2009.05.01"]
[Round "3.2"]
[White "De La Villa Garcia, Jesus Maria"]
[Black "Lopez Martinez, Josep Manuel"]
[Result "1/2-1/2"]
[WhiteElo "2476"]
[BlackElo "2557"]
[PlyCount "30"]
[EventDate "2009.05.02"]

1. e4 c5 2. Nf3 d6 3. d4 cxd4 4. Nxd4 Nf6 5. f3 e5 6. Nb3 Be7 7. c4 O-O 8. Nc3
a5 9. Be3 a4 10. Nd2 Qa5 11. Rb1 Nc6 12. Be2 Bd8 13. Nd5 Nxd5 14. cxd5 Ne7 15.
O-O Bb6 1/2-1/2

[Event "IV Campeonato de España de Selecciones"]
[Site "?"]
[Date "2009.05.01"]
[Round "3.5"]
[White "Alonso Rosell, Alvar"]
[Black "Iza Abete, Amaia"]
[Result "1-0"]
[WhiteElo "2442"]
[BlackElo "1990"]
[PlyCount "77"]
[EventDate "2009.??.??"]

1. d4 Nf6 2. c4 e6 3. Nc3 d5 4. cxd5 exd5 5. Bg5 Be7 6. e3 Nbd7 7. Bd3 O-O 8.
Nge2 Re8 9. O-O c6 10. Qc2 Nf8 11. f3 g6 12. Bh4 Ne6 13. Kh1 Ng7 14. Bf2 Bd6
15. Bg1 Bf8 16. h3 Nfh5 17. e4 dxe4 18. fxe4 Be6 19. Rf3 Be7 20. Raf1 Nf6 21.
Nf4 Rf8 22. Nxe6 Nxe6 23. Qf2 Nh5 24. g4 Bh4 25. Qh2 Nhg7 26. d5 Ng5 27. Rf4
cxd5 28. exd5 Rc8 29. Bd4 Qd7 30. Bb5 Qc7 31. Ba4 Ne8 32. Qg2 a6 33. Ne4 b5 34.
Bb3 Qd7 35. Nc5 Qd6 36. Ne6 Nxe6 37. dxe6 f6 38. e7+ Rf7 39. g5 1-0

[Event "IV Campeonato de España de Selecciones"]
[Site "?"]
[Date "2009.05.01"]
[Round "3.6"]
[White "Iturralde Borda, Ion"]
[Black "Llaneza Bega, Patricia"]
[Result "0-1"]
[WhiteElo "1840"]
[BlackElo "2229"]
[PlyCount "112"]
[EventDate "2009.??.??"]

1. e4 c5 2. Nf3 Nc6 3. d4 cxd4 4. Nxd4 Nf6 5. Nc3 d6 6. Bc4 e6 7. Be3 Be7 8.
O-O O-O 9. f3 a6 10. Qd2 Ne5 11. Bb3 Qc7 12. Qe2 Bd7 13. f4 Neg4 14. h3 Nxe3
15. Qxe3 e5 16. Nf5 Bxf5 17. exf5 d5 18. Qe2 exf4 19. Nxd5 Nxd5 20. Bxd5 Qc5+
21. Kh1 Qxd5 22. Qxe7 Rae8 23. Qg5 Re2 24. Rad1 Qe5 25. Qxf4 Qxb2 26. f6 Qxf6
27. Qxf6 gxf6 28. Rxf6 Rxc2 29. Rd7 Rb2 30. a4 Kg7 31. Rf4 Kg6 32. a5 Rb5 33.
g4 f6 34. Rf5 Rb3 35. Kg2 Rc8 36. h4 Rc2+ 37. Rf2 Rxf2+ 38. Kxf2 h5 39. gxh5+
Kxh5 40. Rf7 Kg6 41. Rd7 f5 42. Re7 Kf6 43. Rh7 f4 44. h5 Kg5 45. Rf7 Kxh5 46.
Rxf4 Kg6 47. Rc4 Kf6 48. Ke2 Ke6 49. Kd2 Kd6 50. Ra4 Kc5 51. Kc2 Rb4 52. Ra3
Rc4+ 53. Kb3 Rh4 54. Kc2 Rh2+ 55. Kc1 Kb4 56. Rf3 Kxa5 0-1

[Event "IV Cto España Selecciones Autonómicas"]
[Site "Villava - Navarra"]
[Date "2009.05.02"]
[Round "4.1"]
[White "Llorente Zaro, Alfonso"]
[Black "Lopez Martinez, Josep Manuel"]
[Result "1/2-1/2"]
[WhiteElo "2434"]
[BlackElo "2557"]
[PlyCount "33"]
[EventDate "2009.??.??"]
[EventRounds "6"]
[EventCountry "ESP"]
[SourceDate "2009.05.02"]
[WhiteTeam "Aragón"]
[BlackTeam "Cataluña"]

1. c4 Nf6 2. Nc3 g6 3. g3 d5 4. cxd5 Nxd5 5. Bg2 Nb6 6. Nf3 Bg7 7. d3 Nc6 8.
Bd2 e5 9. O-O O-O 10. Ne4 h6 11. b4 Nd4 12. Nc5 c6 13. Rc1 Qe7 14. e3 Ne6 15.
Nb3 Rd8 16. Qc2 Ng5 17. Nxg5 1/2-1/2

[Event "IV Cto España Selecciones Autonómicas"]
[Site "Villava - Navarra"]
[Date "2009.05.02"]
[Round "4.2"]
[White "Narciso Dublan, Marc"]
[Black "Baron Rodriguez, Jesus"]
[Result "1-0"]
[WhiteElo "2534"]
[BlackElo "2428"]
[PlyCount "107"]
[EventDate "2009.??.??"]
[EventRounds "6"]
[EventCountry "ESP"]
[SourceDate "2009.05.02"]

1. e4 e5 2. Nc3 Nc6 3. g3 Bc5 4. Bg2 h5 5. h3 h4 6. g4 Qf6 7. Nf3 Nge7 8. d3
Nd4 9. Nxd4 Bxd4 10. Be3 Bxe3 11. fxe3 c6 12. d4 d6 13. Qd3 Bd7 14. O-O-O Rd8
15. Nb1 Ng6 16. Rhf1 Qe7 17. Nd2 O-O 18. Rf2 b5 19. Nf3 Be6 20. Rfd2 d5 21.
Nxe5 Nxe5 22. dxe5 dxe4 23. Qxe4 Bd5 24. Qf5 Bxg2 25. Rxg2 Rxd1+ 26. Kxd1 Qb4
27. c3 Qa4+ 28. b3 Rd8+ 29. Ke1 Qa3 30. Rc2 Qc5 31. Kf2 Qe7 32. c4 b4 33. Ke2
g6 34. Qf6 Qd7 35. Kf2 c5 36. Re2 Re8 37. Qxh4 Rxe5 38. Qf6 Re6 39. Qg5 Qd6 40.
Kg2 Qd3 41. Kf2 Kg7 42. Ke1 Qb1+ 43. Kf2 Qd3 44. Ke1 Qb1+ 45. Kf2 Qd1 46. Re1
Qd3 47. Kg1 Qd2 48. Rf1 Qxa2 49. Qf4 f6 50. g5 Qb2 51. Qc7+ Kf8 52. Qc8+ Ke7
53. Rd1 fxg5 54. Qd8+ 1-0

[Event "IV Cto España Selecciones Autonómicas"]
[Site "Villava - Navarra"]
[Date "2009.05.02"]
[Round "4.3"]
[White "Garza Marco, Sergio"]
[Black "Oms Pallisse, Josep"]
[Result "1/2-1/2"]
[WhiteElo "2417"]
[BlackElo "2522"]
[PlyCount "126"]
[EventDate "2009.??.??"]
[EventRounds "6"]
[EventCountry "ESP"]
[SourceDate "2009.05.02"]
[WhiteTeam "Aragón"]
[BlackTeam "Cataluña"]

1. d4 Nf6 2. c4 e6 3. Nc3 Bb4 4. Qc2 c5 5. dxc5 O-O 6. a3 Bxc5 7. Nf3 b6 8. Bg5
Bb7 9. e4 h6 10. Bh4 Be7 11. Be2 d6 12. Rd1 Nbd7 13. O-O Qb8 14. Nd4 Re8 15.
Bg3 a6 16. Rd2 Qc7 17. Rfd1 Rac8 18. Nf3 Ne5 19. Nxe5 dxe5 20. b4 Red8 21.
Rxd8+ Rxd8 22. Rxd8+ Bxd8 23. Qd3 Be7 24. h3 a5 25. bxa5 bxa5 26. Nb5 Qc5 27.
Bf3 Bc6 28. a4 Nd7 29. Bd1 Nf6 30. Bf3 Qb4 31. Bxe5 Nxe4 32. Bd4 Nc5 33. Bxc5
Qxc5 34. Bxc6 Qxc6 35. g3 h5 36. h4 g6 37. Kf1 Bc5 38. Kg1 Qb6 39. Qf3 Qd8 40.
Qc6 Qb6 41. Qf3 Bb4 42. Kg2 Qc5 43. Qe4 Kg7 44. Nd4 Bc3 45. Ne2 Bf6 46. Nc1 Qd4
47. Qxd4 Bxd4 48. Nb3 Bc3 49. Kf3 Kf6 50. Kf4 Ke7 51. f3 Kd6 52. g4 Bf6 53.
gxh5 gxh5 54. Kg3 Be5+ 55. f4 Bc3 56. Kf3 Be1 57. f5 exf5 58. Kf4 Bxh4 59. Nxa5
Kc5 60. Kxf5 Be1 61. Nb7+ Kxc4 62. Nd6+ Kb4 63. Nxf7 Kxa4 1/2-1/2

[Event "IV Cto España Selecciones Autonómicas"]
[Site "Villava - Navarra"]
[Date "2009.05.02"]
[Round "4.4"]
[White "Alsina Leal, Daniel"]
[Black "Antoli Royo, Joaquin Miguel"]
[Result "1-0"]
[WhiteElo "2503"]
[BlackElo "2416"]
[PlyCount "63"]
[EventDate "2009.??.??"]
[EventRounds "6"]
[EventCountry "ESP"]
[SourceDate "2009.05.02"]
[WhiteTeam "Cataluña"]
[BlackTeam "Aragón"]

1. e4 c5 2. Nf3 Nc6 3. d4 cxd4 4. Nxd4 e5 5. Nb5 a6 6. Nd6+ Bxd6 7. Qxd6 Qf6 8.
Qxf6 Nxf6 9. Nc3 h6 10. Be3 d6 11. f3 Be6 12. O-O-O Ke7 13. Kb1 Rac8 14. Nd5+
Bxd5 15. exd5 Nb8 16. g3 Nbd7 17. Bh3 Ne8 18. f4 Rc7 19. Rhe1 f6 20. b3 b5 21.
Bd2 Nc5 22. Ba5 Rb7 23. Bb4 Rc7 24. Re3 g5 25. Rde1 h5 26. Rc3 Nd7 27. Rc6 Ra7
28. fxg5 fxg5 29. Be6 Rh7 30. Bd2 Rg7 31. h4 gxh4 32. gxh4 1-0

[Event "IV Cto España Selecciones Autonómicas"]
[Site "Villava - Navarra"]
[Date "2009.05.02"]
[Round "4.5"]
[White "Moreno Gracia, Daniel"]
[Black "Alonso Rosell, Alvar"]
[Result "1/2-1/2"]
[WhiteElo "2297"]
[BlackElo "2442"]
[PlyCount "91"]
[EventDate "2009.??.??"]
[EventRounds "6"]
[EventCountry "ESP"]
[SourceDate "2009.05.02"]
[WhiteTeam "Aragón"]
[BlackTeam "Cataluña"]

1. c4 e5 2. Nc3 Nc6 3. g3 g6 4. Bg2 Bg7 5. Nf3 d6 6. d3 f5 7. O-O Nf6 8. Rb1 h6
9. b4 O-O 10. b5 Ne7 11. c5 g5 12. cxd6 cxd6 13. Qb3+ Kh8 14. Ba3 f4 15. d4 e4
16. Nd2 d5 17. Bxe7 Qxe7 18. Nxd5 Nxd5 19. Qxd5 e3 20. Nb3 Bg4 21. Rbe1 Rae8
22. f3 Be6 23. Qc5 Qxc5 24. dxc5 Bc4 25. c6 b6 26. Bh3 Bxb5 27. c7 Rc8 28. Bxc8
Rxc8 29. gxf4 Rxc7 30. fxg5 Rc2 31. gxh6 Bf6 32. Rc1 Rxa2 33. Rfd1 Rb2 34. Nd4
Ba4 35. Rd3 Rd2 36. Nf5 Bc2 37. Rxc2 Rxc2 38. Rxe3 Rc5 39. Re8+ Kh7 40. e4 a5
41. f4 a4 42. e5 a3 43. exf6 a2 44. Re1 Rxf5 45. Ra1 Rxf4 46. Rxa2 1/2-1/2